Soja : para mejorar la producción 27 - campaña 2003/2004 /
Guardado en:
| Autor Corporativo: | |
|---|---|
| Otros Autores: | |
| Formato: | Libro |
| Idioma: | Spanish |
| Publicado: |
Oliveros :
EEA INTA Oliveros,
2004.
|
| Series: | Para mejorar la producción,
27 |
| Etiquetas: |
Agregar Etiqueta
Sin Etiquetas, Sea el primero en etiquetar este registro!
|
| LEADER | 00677nam a22001575a 4500 | ||
|---|---|---|---|
| 001 | EEA.libagro007404 | ||
| 005 | 20180522105710.0 | ||
| 008 | 130809s2004####ag#a##########000#0#spa#d | ||
| 082 | 0 | 4 | |a 633.34 |
| 245 | 0 | 0 | |a Soja : |b para mejorar la producción 27 - campaña 2003/2004 / |c compiladores: Mabel Fior, Marcelo Bodrero, Silvina Bacigalupo. |
| 260 | |a Oliveros : |b EEA INTA Oliveros, |c 2004. | ||
| 300 | |a 129 p. : |b il. ; |c 28 cm. | ||
| 490 | 1 | |a Para mejorar la producción, |x 0326-257X ; |v 27 | |
| 700 | 1 | |a Fior, Mabel. | |
| 710 | 2 | |a Instituto Nacional de Tecnología Agropecuaria (Argentina). |b Estación Experimental Agropecuaria Oliveros. | |
| 859 | |a AR-BbBCA |b BIB. AGRONOMIA |h 633.34 |i F517 |p 2005/4775 | ||
